| 000 | 00380cam a2200145ua 4500 | ||
|---|---|---|---|
| 041 |
_aeng _h |
||
| 082 |
_a825 _bTHO/CL |
||
| 100 | _aThomson, J.A.K . | ||
| 245 |
_aClassical influences on English prose / _cJ.A.K.Thomson. _hTextual Documents |
||
| 260 |
_aLondon : _bGeorge Allen & Unwin Ltd , _c1956. |
||
| 300 | _a303 ; . | ||
| 504 | _a | ||
| 942 | _cBK | ||
| 999 |
_c11761 _d11761 |
||